Quiz sur les calanques de Marseille - Statistiques

Statistiques générales
  • Ce quiz a été pris 81 fois
  • Le résultat moyen est 4 sur 12
Statistiques - réponses
Indices Réponses % Correct
Roche qui constitue majoritairement les calanques Calcaire
87%
Cap qui se situe à l'est de Cassis Cap Canaille
56%
Grotte abritant des peintures pariétales dont l'entrée est sous-marine Grotte Cosquer
54%
Calanque où se situe le "torpilleur" Calanque de Sugiton
46%
Nom occitan du Goéland leucophée, qui niche dans les falaises des calanques Gabian
41%
Citer une des principales iles qui font face aux calanques Ile de Maïre | Ile de Jarre | Ile de Riou
37%
Seule calanque sur la commune de Cassis, qui était anciennement une carrière Port-miou
37%
Les calanques ont été creusées par des ... Rivières
15%
Sommet qui surplombe ces deux dernières calanques que l'arête de Marseille permet de gravir La grande Candelle
13%
Ornement caractéristique correspondant à l'autre nom de la calanque de Saint-Jean de Dieu Œil de Verre
13%
Noms des falaises qui le constituent Falaises Soubeyranes
10%
Conglomérat de galets arrondis que l'on peut observer au bec de l'Aigle Poudingue
10%
Aucun quiz correspondant
Distribution des résultats
% des personnes avec chaque résultat
Percentile par nombre de réponses
Votre historique - résultats
Vous n’avez pas pris ce quiz